Word Ladder: The Man in Black Quiz Stats

 Plays Quiz Updated Oct 14, 2016

Challenge
Share
Tweet
Embed
Score 0/22 Timer 02:00
1 Play Today
Hint Answer % Correct
Not shortTALL
95.5%
FableTALE
95.3%
Flooring squareTILE
94.4%
BarrierWALL
89.8%
Walking stickCANE
88.2%
Fork pointTINE
83.2%
♫ JOHNNY ♫♪ CASH ♪
82.9%
♫ STROLL ♫ (THE)♪ WALK ♪
81.9%
Ladder stepRUNG
81.3%
FinalLAST
81.2%
♫ FLAMES ♫♪ FIRE ♪
79.7%
Hint Answer % Correct
PathwayLANE
77.8%
Carnal desireLUST
77%
♫ LYRICS PORTION ♫♪ LINE ♪
75.6%
RespiratorLUNG
74.2%
WhipLASH
74%
CartonCASE
73.1%
High qualityFINE
71.8%
♫ CIRCLE ♫ (OF)♪ RING ♪
71.6%
EvergreenPINE
67%
Actor AlfredLUNT
63.5%
Sonar soundPING
62.8%

Today's Daily Dose

Missing Word
No Snow!

Word Ladder
Wild Cats

On This Day
December 16th II

You're not logged in!

Compare scores with friends on all Sporcle quizzes.
OR
Log In

You Might Also Like...

Show Comments

Extras

Top Quizzes Today


Score Distribution

Your Account Isn't Verified!

In order to create a playlist on Sporcle, you need to verify the email address you used during registration. Go to your Sporcle Settings to finish the process.

Report this User

Report this user for behavior that violates our Community Guidelines.

Details: